[Event "EU-ch U14 Girls"]
[Site "Batumi"]
[Date "2010.09.24"]
[Round "6"]
[White "Gogishvili, Dea"]
[Black "Tantsiura, Marja"]
[Result "0-1"]
[WhiteElo "1899"]
[BlackElo "2030"]
[PlyCount "94"]
[EventDate "2010.09.20"]
[EventType "swiss"]
[EventRounds "9"]
[EventCountry "GEO"]
[SourceTitle "CBM 138 Extra"]
[Source "ChessBase"]
[SourceDate "2010.10.29"]
[SourceVersion "1"]
[SourceVersionDate "2010.10.29"]
[SourceQuality "1"]

1. e4 g6 2. d4 Bg7 3. Nc3 a6 4. a4 b6 5. g3 Bb7 6. Bg2 Nf6 7. Nge2 d6 8. 0-0 c6 9. h3 0-0 10. Be3 Nbd7 11. g4 e5 12. Ng3 b5 13. axb5 cxb5 14. d5 b4 15. Na4 a5 16. Re1 Ba6 17. Bf1 Bxf1 18. Kxf1 Qc7 19. Kg2 Nc5 20. Nxc5 dxc5 21. c4 Ne8 22. Qc2 Nd6 23. g5 f5 24. gxf6 Bxf6 25. b3 Bh4 26. Bh6 Rf6 27. Qd2 Qf7 28. Ra2 Qe7 29. Qc1 Qf7 30. Bg5 Bxg5 31. Qxg5 Qe7 32. Qe3 Nb7 33. Ree2 Raf8 34. Qd2 h5 35. Qc1 Rf4 36. Re3 h4 37. Nh1 Qg5+ 38. Kf1 Rxe4 39. Ke2 Rd4 40. Rd2 Nd6 41. Kd1 Qf4 42. Qc2 Rf5 43. Rdd3 Rg5 44. Ke2 Rg1 45. Rxd4 cxd4 46. Rg3 e4 47. Rxg1 d3+ 0-1

[Event "EU-ch U14 Girls"]
[Site "Batumi"]
[Date "2010.09.23"]
[Round "5"]
[White "Imnadze, Nato"]
[Black "Gogishvili, Dea"]
[Result "1-0"]
[WhiteElo "1917"]
[BlackElo "1899"]
[PlyCount "51"]
[EventDate "2010.09.20"]
[EventType "swiss"]
[EventRounds "9"]
[EventCountry "GEO"]
[SourceTitle "CBM 138 Extra"]
[Source "ChessBase"]
[SourceDate "2010.10.29"]
[SourceVersion "1"]
[SourceVersionDate "2010.10.29"]
[SourceQuality "1"]

1. e4 c5 2. Nf3 e6 3. c4 Nc6 4. Nc3 a6 5. Be2 d6 6. d4 cxd4 7. Nxd4 Nf6 8. Be3 Be7 9. 0-0 0-0 10. Qd2 Nxd4 11. Bxd4 e5 12. Be3 Ng4 13. Bxg4 Bxg4 14. Nd5 Be6 15. Bb6 Qd7 16. Rfd1 Rac8 17. b3 Rc6 18. Be3 f5 19. f3 fxe4 20. fxe4 Bg4 21. Rf1 Bf6 22. Bg5 Bd8 23. Rxf8+ Kxf8 24. Rf1+ Kg8 25. Qf2 Qe8 26. Bxd8 1-0

[Event "Tbilisi Cup"]
[Site "Tbilisi"]
[Date "2010.05.15"]
[Round "1"]
[White "Gogishvili, Dea"]
[Black "Azaladze, Shota"]
[Result "0-1"]
[WhiteElo "1902"]
[BlackElo "2432"]
[PlyCount "60"]
[EventDate "2010.05.15"]
[EventType "swiss"]
[EventRounds "9"]
[EventCountry "GEO"]
[SourceTitle "CBM 136 Extra"]
[Source "ChessBase"]
[SourceDate "2010.07.02"]
[SourceVersion "2"]
[SourceVersionDate "2010.07.15"]
[SourceQuality "1"]

1. e4 g6 2. d4 Bg7 3. Nc3 c6 4. f4 d5 5. e5 Nh6 6. Be3 f6 7. Nf3 0-0 8. Be2 Ng4 9. Qd2 fxe5 10. Nxe5 Nxe3 11. Qxe3 Nd7 12. 0-0-0 Nxe5 13. fxe5 e6 14. h4 c5 15. h5 Rf5 16. hxg6 h6 17. Rh5 Rxh5 18. Bxh5 cxd4 19. Rxd4 Qg5 20. Nxd5 exd5 21. Qxg5 hxg5 22. Rxd5 Be6 23. Rb5 b6 24. Bf3 Rd8 25. b3 Bf8 26. a4 Bc5 27. a5 Bd7 28. Bd5+ Kg7 29. Rxc5 bxc5 30. e6 Be8 0-1

[Event "Tbilisi Chiburdanidze Cup"]
[Site "Tbilisi"]
[Date "2009.06.10"]
[Round "6"]
[White "Tsalugelashvili, Lile"]
[Black "Gogishvili, Dea"]
[Result "1-0"]
[WhiteElo "2113"]
[BlackElo "1810"]
[PlyCount "83"]
[EventDate "2009.06.05"]
[EventType "swiss"]
[EventRounds "9"]
[EventCountry "GEO"]
[SourceTitle "CBM 130 Extra"]
[Source "ChessBase"]
[SourceDate "2009.07.02"]
[SourceVersion "2"]
[SourceVersionDate "2009.07.15"]
[SourceQuality "1"]

1. d4 d5 2. c4 e6 3. Nf3 c6 4. g3 dxc4 5. Bg2 b5 6. Ne5 Bb7 7. 0-0 f6 8. Ng4 h5 9. Ne3 Nd7 10. a4 a6 11. b3 cxb3 12. Qxb3 Kf7 13. Nc3 Rb8 14. Rd1 Ne7 15. f4 g6 16. Nc2 Nd5 17. e4 Nxc3 18. Qxc3 Qc8 19. Be3 Be7 20. f5 exf5 21. Qb3+ Kg7 22. exf5 g5 23. d5 cxd5 24. axb5 axb5 25. Nd4 Qc4 26. Qxb5 Ne5 27. Qxc4 Nxc4 28. Ne6+ Kf7 29. Ba7 Rbc8 30. Bxd5 Bxd5 31. Rxd5 Ra8 32. Rd7 Ne5 33. Rc7 Rhc8 34. Rac1 Re8 35. Rb1 Rac8 36. Rbb7 Nc4 37. Bc5 Rxc7 38. Rxc7 Nd2 39. Kg2 Ne4 40. Bb4 g4 41. Nf4 Ng5 42. Nd5 1-0

[Event "Tbilisi Chiburdanidze Cup"]
[Site "Tbilisi"]
[Date "2009.06.07"]
[Round "3"]
[White "Kuchava, Ana"]
[Black "Gogishvili, Dea"]
[Result "1/2-1/2"]
[WhiteElo "1922"]
[BlackElo "1810"]
[PlyCount "117"]
[EventDate "2009.06.05"]
[EventType "swiss"]
[EventRounds "9"]
[EventCountry "GEO"]
[SourceTitle "CBM 130 Extra"]
[Source "ChessBase"]
[SourceDate "2009.07.02"]
[SourceVersion "2"]
[SourceVersionDate "2009.07.15"]
[SourceQuality "1"]

1. d4 d5 2. c4 e6 3. Nc3 c6 4. cxd5 exd5 5. Nf3 Nf6 6. Bg5 h6 7. Bh4 Bf5 8. Qb3 g5 9. Bg3 Qb6 10. e3 Nbd7 11. Be2 Be7 12. 0-0 Ne4 13. Nxe4 Bxe4 14. Nd2 h5 15. Nxe4 dxe4 16. Qxb6 Nxb6 17. f3 exf3 18. Rxf3 f6 19. h4 Nd5 20. hxg5 fxg5 21. Be5 Rh7 22. e4 g4 23. Rb3 Nb6 24. a4 Nd7 25. Bf4 b6 26. Rc1 c5 27. d5 Bf6 28. Bb5 Bd4+ 29. Be3 Be5 30. Bc6 Rc8 31. a5 Rb8 32. axb6 axb6 33. Rf1 Ke7 34. Bg5+ Kd6 35. Bxd7 Kxd7 36. Rf5 Kd6 37. Bf6 Bxf6 38. Rxf6+ Ke5 39. Re6+ Kd4 40. Rbxb6 Rxb6 41. Rxb6 Kxe4 42. d6 Rd7 43. Kh2 h4 44. Ra6 Kd5 45. Ra4 c4 46. Ra5+ Kxd6 47. Rg5 g3+ 48. Kh3 Rh7 49. Rg4 Kc5 50. Rg8 Kd4 51. Rd8+ Kc5 52. Rc8+ Kd4 53. Rd8+ Ke3 54. Rc8 Kd3 55. Rd8+ Kc2 56. Rc8 Kb3 57. Rb8+ Ka4 58. Ra8+ Kb5 59. Rb8+ 1/2-1/2

[Event "Tbilisi Chiburdanidze Cup"]
[Site "Tbilisi"]
[Date "2009.06.06"]
[Round "2"]
[White "Gogishvili, Dea"]
[Black "Mzhavia, Kristine"]
[Result "0-1"]
[WhiteElo "1810"]
[BlackElo "2059"]
[PlyCount "102"]
[EventDate "2009.06.05"]
[EventType "swiss"]
[EventRounds "9"]
[EventCountry "GEO"]
[SourceTitle "CBM 130 Extra"]
[Source "ChessBase"]
[SourceDate "2009.07.02"]
[SourceVersion "2"]
[SourceVersionDate "2009.07.15"]
[SourceQuality "1"]

1. e4 e5 2. Nf3 d6 3. Bc4 Be7 4. d4 Nd7 5. dxe5 Nxe5 6. Nxe5 dxe5 7. Qh5 g6 8. Qxe5 Nf6 9. Bh6 Rg8 10. Bg5 Qd6 11. Qxd6 cxd6 12. Nc3 Be6 13. Bxe6 fxe6 14. f3 a6 15. Be3 Rc8 16. Rd1 b5 17. Rd2 Nd7 18. Bd4 Bg5 19. Re2 Rc4 20. Bf2 Ke7 21. Nd1 Rgc8 22. c3 Ne5 23. 0-0 Nd3 24. Be3 Bf6 25. Rd2 Ne5 26. Bd4 b4 27. Ne3 bxc3 28. bxc3 Ra4 29. f4 Nc6 30. Rfd1 Bxd4 31. cxd4 Nb4 32. d5 Rxa2 33. Rxa2 Nxa2 34. dxe6 Kxe6 35. Kf2 Nc3 36. Rd4 a5 37. Kf3 a4 38. f5+ gxf5 39. exf5+ Ke5 40. Rd2 a3 41. Nc2 a2 42. Na1 d5 43. g4 Rc4 44. h3 Re4 45. Rd3 d4 46. Nb3 Ne2 47. Rd2 Nc1 48. Na1 d3 49. Rd1 Rb4 50. f6 Kxf6 51. Rxc1 Rb1 0-1

[Event "World School-ch U13 Girls 5th"]
[Site "Thessaloniki"]
[Date "2009.04.28"]
[Round "2"]
[White "Styazhkina, Anna"]
[Black "Gogishvili, Dea"]
[Result "1/2-1/2"]
[WhiteElo "2007"]
[BlackElo "1810"]
[PlyCount "53"]
[EventDate "2009.04.27"]
[EventType "swiss"]
[EventRounds "9"]
[EventCountry "GRE"]
[SourceTitle "CBM 130 Extra"]
[Source "ChessBase"]
[SourceDate "2009.07.02"]
[SourceVersion "2"]
[SourceVersionDate "2009.07.15"]
[SourceQuality "1"]

1. d4 d5 2. Nf3 e6 3. c4 c6 4. Qc2 Nd7 5. g3 f5 6. Bg2 Ngf6 7. 0-0 Ne4 8. Nc3 Nxc3 9. Qxc3 Nf6 10. Bg5 Be7 11. Qc2 0-0 12. Rfd1 Bd7 13. Rac1 Rc8 14. Ne5 Ne4 15. Bxe7 Qxe7 16. f3 Nd6 17. c5 Nf7 18. Nd3 Rce8 19. e4 Ng5 20. Ne5 Nf7 21. Nd3 Ng5 22. Nf4 Qf6 23. a3 Nf7 24. Qd2 g5 25. Ne2 h6 26. Rf1 Qh8 27. Kh1 1/2-1/2

[Event "EU-ch U12 Girls 18th"]
[Site "Herceg Novi"]
[Date "2008.09.22"]
[Round "7"]
[White "Styazhkina, Anna"]
[Black "Gogishvili, Dea"]
[Result "1-0"]
[WhiteElo "1898"]
[BlackElo "1878"]
[PlyCount "129"]
[EventDate "2008.09.15"]
[EventType "swiss"]
[EventRounds "9"]
[EventCountry "MNE"]
[SourceTitle "CBM 126 Extra"]
[Source "ChessBase"]
[SourceDate "2008.11.05"]
[SourceVersion "1"]
[SourceVersionDate "2008.11.05"]
[SourceQuality "1"]

1. Nf3 d5 2. b3 Nf6 3. Bb2 Bf5 4. e3 h6 5. Bb5+ c6 6. Be2 e6 7. 0-0 Be7 8. Ne5 0-0 9. d3 Nbd7 10. f4 Nxe5 11. fxe5 Nd7 12. Bg4 Bxg4 13. Qxg4 g6 14. Nd2 Bg5 15. Rae1 Qa5 16. Nf3 Be7 17. a4 Qd8 18. Nd4 h5 19. Qh3 Nc5 20. Re2 Qd7 21. Ref2 Kg7 22. Qg3 Qd8 23. Qf3 Bh4 24. Re2 Be7 25. Ref2 Bh4 26. Rd2 Be7 27. Ne2 f5 28. Nf4 Bg5 29. Ba3 Bxf4 30. Bxc5 Bxe5 31. Bxf8+ Qxf8 32. h3 h4 33. Qe2 Bc3 34. Rdd1 Qc5 35. Kh1 e5 36. e4 f4 37. Qg4 Qe7 38. exd5 cxd5 39. Rf2 Bd4 40. Re2 Be3 41. d4 Rd8 42. dxe5 d4 43. e6 Rd5 44. Qf3 Rd6 45. Qg4 Rd5 46. c4 Rd8 47. Qf3 d3 48. Rxe3 fxe3 49. Qxe3 Rd6 50. Rxd3 Rxe6 51. Qd4+ Qf6 52. Qxf6+ Kxf6 53. Kg1 Kf5 54. Kf2 b6 55. b4 Re4 56. Rc3 Rd4 57. c5 bxc5 58. bxc5 Rd7 59. c6 Rc7 60. Kf3 Ke5 61. Kg4 Kd4 62. Rc1 Ke5 63. Kxh4 Kf4 64. Rc4+ Kf5 65. Kg3 1-0

[Event "EU-ch U12 Girls 18th"]
[Site "Herceg Novi"]
[Date "2008.09.19"]
[Round "5"]
[White "Khazieva, Elza"]
[Black "Gogishvili, Dea"]
[Result "0-1"]
[WhiteElo "1739"]
[BlackElo "1878"]
[PlyCount "64"]
[EventDate "2008.09.15"]
[EventType "swiss"]
[EventRounds "9"]
[EventCountry "MNE"]
[SourceTitle "CBM 126 Extra"]
[Source "ChessBase"]
[SourceDate "2008.11.05"]
[SourceVersion "1"]
[SourceVersionDate "2008.11.05"]
[SourceQuality "1"]

1. e4 c6 2. c4 d5 3. exd5 cxd5 4. cxd5 Nf6 5. Qa4+ Nbd7 6. Nc3 g6 7. Nf3 Bg7 8. Bc4 0-0 9. d3 Nb6 10. Qb3 Bf5 11. 0-0 Rc8 12. Re1 h6 13. Be3 g5 14. Bxb6 axb6 15. Ne5 Qd6 16. Nb5 Qd8 17. d6 e6 18. Nd4 Qxd6 19. Nxf5 exf5 20. Nxf7 Rxf7 21. Bxf7+ Kh8 22. Be6 Rc5 23. Rac1 Ng4 24. Rxc5 Qxc5 25. d4 Bxd4 26. Qf3 Bxf2+ 27. Kh1 Bxe1 28. g3 Qc2 29. Qg2 Bf2 30. Qxb7 Qb1+ 31. Kg2 Qg1+ 32. Kf3 Qh1+ 0-1

[Event "EU-ch U12 Girls 18th"]
[Site "Herceg Novi"]
[Date "2008.09.18"]
[Round "4"]
[White "Gogishvili, Dea"]
[Black "Cazacu, Gabriela"]
[Result "1-0"]
[WhiteElo "1878"]
[BlackElo "1598"]
[PlyCount "67"]
[EventDate "2008.09.15"]
[EventType "swiss"]
[EventRounds "9"]
[EventCountry "MNE"]
[SourceTitle "CBM 126 Extra"]
[Source "ChessBase"]
[SourceDate "2008.11.05"]
[SourceVersion "1"]
[SourceVersionDate "2008.11.05"]
[SourceQuality "1"]

1. e4 c5 2. c3 d5 3. exd5 Qxd5 4. d4 Nf6 5. Nf3 Bg4 6. Qa4+ Nbd7 7. Ne5 Bf5 8. f3 e6 9. Bc4 Qd6 10. Bf4 a6 11. g4 Bxb1 12. Rxb1 Rd8 13. Ng6 b5 14. Bxd6 bxa4 15. Nxf8 Nxf8 16. Bxc5 N8d7 17. Bxa6 Nxc5 18. dxc5 Ke7 19. Bb5 a3 20. bxa3 Rc8 21. c6 Ra8 22. Rb3 Nd5 23. c4 Nb6 24. 0-0 Rhc8 25. Rd1 Rd8 26. Rxd8 Kxd8 27. Rd3+ Kc7 28. a4 Nxa4 29. Rd7+ Kc8 30. Rxf7 Nb6 31. c5 Ra5 32. cxb6 Rxb5 33. b7+ Kd8 34. c7+ 1-0

[Event "Benidorm Nuevas Generaciones op"]
[Site "Benidorm"]
[Date "2007.??.??"]
[Round "4"]
[White "Gimenez Menchon, Cesar"]
[Black "Gogishvili, Dea"]
[Result "0-1"]
[WhiteElo "1950"]
[BlackElo "1800"]
[PlyCount "40"]
[EventDate "2007.11.??"]
[EventType "swiss"]
[EventRounds "7"]
[EventCountry "ESP"]
[SourceTitle "EXT 2010"]
[Source "ChessBase"]
[SourceDate "2010.11.25"]
[SourceVersion "1"]
[SourceVersionDate "2010.11.25"]
[SourceQuality "1"]

1. d4 d5 2. Nf3 c6 3. Bf4 Nf6 4. Nbd2 Bf5 5. c3 Nbd7 6. e3 e6 7. Ne5 Nxe5 8. dxe5 Nd7 9. Nf3 h6 10. Bd3 Bxd3 11. Qxd3 Qc7 12. h4 g6 13. e4 Nc5 14. Qc2 dxe4 15. Nd4 Nd3+ 16. Kf1 Nxf4 17. Qxe4 Nd5 18. Rd1 Bg7 19. f4 0-0-0 20. b4 Nxc3 0-1